| 000 | 00642cam a22002291 4500 | ||
|---|---|---|---|
| 001 | sa 64005942 | ||
| 003 | DLC | ||
| 005 | 20260227112036.0 | ||
| 008 | 890505s1963 ii b 000 0 hino | ||
| 010 | _asa 64005942 | ||
| 035 | _a(OCoLC)19660358 | ||
| 040 |
_aDLC _cWaU _dNRU _dDLC |
||
| 042 | _apremarc | ||
| 050 | 0 | 0 |
_aPK2095.T8 _bZ67 |
| 100 | 1 | _aDevasare, Harikr̥shna. | |
| 245 | 1 | 0 |
_aTulasī ke gītikāvya. _cLekhaka Harikr̥shṇa Devasare. |
| 260 |
_aVārāṇasī, _bNandakiśora _c[1963] |
||
| 300 |
_a2, 120 p. _c19 cm. |
||
| 500 | _aIn Hindi. | ||
| 504 | _aBibliography: p. [117]-120. | ||
| 600 | 0 | 0 |
_aTulasīdāsa, _d1532-1623. |
| 999 |
_c59423 _d59423 |
||